|
|
|
|
| LEADER |
01419nam a2200289 a 4500 |
| 001 |
2561651 |
| 008 |
110716s1996 nyua b 001 0 eng d |
| 010 |
|
|
|a 95037071
|
| 020 |
|
|
|a 0471305340 (cloth : alk. paper)
|
| 040 |
|
|
|a DLC
|c DLC
|d DLC
|c BD-DhAAL
|
| 082 |
0 |
0 |
|a 005.74
|2 20
|
| 999 |
|
|
|c 11105
|d 11105
|
| 999 |
|
|
|c 11105
|
| 100 |
1 |
|
|a Watson, Richard Thomas.
|9 7574
|
| 245 |
1 |
0 |
|a Data management :
|b an organizational perspective /
|c Richard T. Watson.
|
| 260 |
|
|
|a New York :
|b Wiley,
|c c1996.
|
| 300 |
|
|
|a xx, 568 p. :
|b ill. (some col.) ;
|c 24 cm.
|
| 504 |
|
|
|a Includes bibliographical references and index.
|
| 541 |
1 |
|
|e 00007845
|
| 650 |
|
0 |
|a Database management.
|9 6222
|
| 650 |
|
0 |
|a Management information systems.
|9 7575
|
| 852 |
4 |
|
|a Ayesha Abed Library
|c General shelf
|
| 942 |
|
|
|2 ddc
|c BK
|
| 952 |
|
|
|0 0
|1 0
|4 0
|6 005_740000000000000_WAT
|7 0
|9 17488
|a BRACUL
|b BRACUL
|c GEN
|d 2011-07-17
|l 0
|o 005.74 WAT
|p 3010007845
|r 2011-07-17
|t 1
|w 2011-07-17
|y BK
|x Available
|
| 952 |
|
|
|0 0
|1 0
|4 0
|6 005_740000000000000_WAT
|7 0
|9 17489
|a BRACUL
|b BRACUL
|c GEN
|d 2011-07-17
|l 0
|o 005.74 WAT
|p 3010007846
|r 2011-07-17
|t 2
|w 2011-07-17
|y BK
|x Available
|
| 952 |
|
|
|0 0
|1 0
|2 ddc
|4 0
|6 005_740000000000000_WAT
|7 0
|9 24204
|a SCL
|b SCL
|c GEN
|d 1999-06-22
|l 0
|o 005.74 WAT
|p 3020002377
|r 2014-04-26
|t 3
|w 2014-04-26
|y BK
|
| 952 |
|
|
|0 0
|1 0
|2 ddc
|4 0
|6 005_740000000000000_WAT
|7 0
|9 24207
|a SCL
|b SCL
|c GEN
|d 2001-09-11
|l 3
|o 005.74 WAT
|p 3020003356
|r 2023-02-10
|s 2023-02-08
|t 4
|w 2014-04-26
|y BK
|